Pemikiran reka cipta

Bibliographic Details
Main Authors: Ainon Mohd (Author), Abdullah Hassan (Author)
Format: Book
Language:Malay
Published: Kuala Lumpur : Utusan Publications & Distributors Sdn. Bhd. 1994
Subjects:

MARC

LEADER 00000cam a2200000 7i4500
001 0000003317
005 20240926.0
008 991203 my may
020 |a 9676104809 
040 |a INS   |b eng   |e rda 
090 0 0 |a LB1027   |b .A46 1994 
100 0 |a Ainon Mohd ,   |e author 
245 1 0 |a Pemikiran reka cipta   |c Ainon Mohd & Abdullah Hassan 
264 1 |a Kuala Lumpur :   |b Utusan Publications & Distributors Sdn. Bhd.   |c 1994 
300 |a iv, 309 pages ;   |c 22 cm. 
336 |a text  |2 rdacontent 
337 |a unmediated  |2 rdamedia 
338 |a volume  |2 rdacarrier 
650 0 |a Creative thinking 
700 1 |a Abdullah Hassan ,   |e author 
999 |a 0000005457   |b BOOK   |c Open Shelf   |e Default branch